Buchstaben des Griechischen Alphabets - Statistiken

Allgemein
  • Dieses Quiz wurde 24.216 mal gespielt
  • Das Durchschnittsergebnis liegt bei 12 aus 24
Antwortstatistiken
Buchstabe % Korrekt
Αα Alpha
100%
Ββ Beta
100%
Γγ Gamma
97%
Δδ Delta
91%
Ωω Omega
86%
Εε Epsilon
77%
Ππ Pi
60%
Ζζ Zeta
57%
Φφ Phi
54%
Μμ My
51%
Λλ Lambda
42%
Σσς Sigma
42%
Ρρ Rho
40%
Ηη Eta
38%
Θθ Theta
33%
Κκ Kappa
32%
Νν Ny
31%
Ψψ Psi
31%
Ξξ Xi
31%
Οο Omikron
27%
Υυ Ypsilon
25%
Ττ Tau
24%
Χχ Chi
23%
Ιι Iota
22%
Keine übereinstimmenden Quizze gefunden
Verteilung der Resultate
Anzahl Personen mit jedem Resultat
Perzentil nach korrekt beantworteten Fragen
Ihre Resultats-Entwicklung
Sie haben dieses Quiz noch nicht gespielt